000 00645cam a2200217 4500
001 ABS62033
008 000000n2000 000 0 eng u
035 _a(Sirsi) u105060
100 _aSpring, M.
245 _aGardener's world
260 _c2000
490 _aBuilding
_v265(8129) 24 March 2000, 42-49(5)
520 _aDetailed description of the building of Eden Project, Cornwall's landmark millennium scheme and the world's largest greenhouses.
590 _aABS
650 _aEDEN PROJECT
650 _aGREEN HOUSES
650 _aDOMES
650 _aSCAFFOLDING
690 _aBUILDING AND CONSTRUCTION-PROJECTS
942 _n0
999 _c63007
_d63007